| 000 | 00742nam a2200217 u 4500 | ||
|---|---|---|---|
| 005 | 20230517063626.0 | ||
| 008 | 131125s2003 r 000 0 eng d | ||
| 020 | _a9706730435 | ||
| 035 | _aUPN01000194250 | ||
| 049 | _aCG | ||
| 050 | 4 |
_aLA429 O2 _bL6.2 |
|
| 100 | 1 |
_aLópez Sanmartín, O. Gonzalo _934702 |
|
| 245 | 1 | 0 |
_aDel paraíso al purgatorio : _bOaxaca: rezago educativo y formación de docentes en educación primaria / _cO. Gonzalo López Sanmartín. |
| 260 |
_aMéxico : _bQuinto Sol, _c2003. |
||
| 300 |
_a184 p. : _bmapa, cuadros |
||
| 650 | 4 |
_aEducación _zOaxaca _917291 |
|
| 650 | 4 |
_aEDUCACION PRIMARIA - _zOAXACA _918492 |
|
| 650 | 4 |
_aMAESTROS - _xFORMACION PROFESIONAL - _zOAXACA _9808 |
|
| 905 | _aLibro | ||
| 999 |
_c166351 _d166351 |
||